Die größten Filme 2024 - Statistiken

Allgemein
  • Dieses Quiz wurde 96 mal gespielt
  • Das Durchschnittsergebnis liegt bei 8 aus 17
Antwortstatistiken
Hinweis Antwort % Korrekt
Ein Panda macht sich auf in ein Viertes Kino Abenteuer Kung Fu Panda 4
84%
Die Abenteuer auf dem Wüstenplanet gehen weiter Dune 2
78%
Ein Pixar-Film über Emotionen bekommt eine Fortsetzung Alles steht Kopf 2
71%
Who You Gonna Call...? Ghostbusters: Forzen Empire
71%
Die Affen sind los! Planet der Affen: New Kingdom
69%
Die Minions sind zurück Ich - Einfach unverbesserlich 4
66%
Batmans Gegenspieler kommt zurück in einem Musical. Joker: Folie á Deux
59%
Die X-Mens kommen dank einem Vulgären "Anti-Helden" ins MCU Deadpool and Wolverine
56%
Der Anti-Held aus dem Spiderverse bekommt einen 3. Film. Venom 3: The Last Dance
49%
Der König der Löwen bekommt ein Spin-Off. Mufasa: The Lion King
44%
Disneys Erfolgsfilm über eine Frau die sich mit dem Wasser verbunden fühlt, wird weitergeführt. Vaiana 2
44%
Ein Biopic von Amy Winehouse. Back to Black
36%
Ein Mann der für Hits wie "Could you be Loved" verantwortlich ist, bekommt einen Film. Bob Marley: One Love
28%
Will Smith ist wieder im Kino! Bad Boys 4
27%
Ridley Scott setzt nach 24 Jahren seinen Welterfolg fort. Gladiator 2
23%
Ein gigantische Echse und ein übergroßer Affe kehren zurück. Godzilla x Kong: The New Empire
22%
Der blaue Igel kämpft gegen ein neue Bedrohung Sonic the Hedgehog 3
22%
Keine übereinstimmenden Quizze gefunden
Verteilung der Resultate
Anzahl Personen mit jedem Resultat
Perzentil nach korrekt beantworteten Fragen
Ihre Resultats-Entwicklung
Sie haben dieses Quiz noch nicht gespielt